Quick Pick: 12 x 12 Movies Quiz Stats

Quiz Updated May 28, 2016

Challenge
Share
Tweet
Embed
Score 0/12 Timer 01:00
2 Plays Today
% Correct
Ocean's Twelve
92%
Cheaper by the Dozen
82.1%
12 Years a Slave
76.6%
12 Monkeys
74.6%
12 Angry Men
72.8%
The Dirty Dozen
61.2%
12 Rounds
40.8%
Twelfth Night
36.9%
Twelve O'Clock High
33.5%
The Twelve Chairs
24.5%
Apartment 12
22.6%
Twelve Miles Out
13.1%

Today's Daily Dose

You're not logged in!

Compare scores with friends on all Sporcle quizzes.
Sign Up with Email
OR
Log In

You Might Also Like...

Show Comments

Extras

Top Quizzes Today


Score Distribution

Your Account Isn't Verified!

In order to create a playlist on Sporcle, you need to verify the email address you used during registration. Go to your Sporcle Settings to finish the process.